Beste Champions League Torschützen FC Schalke 04 - Statistiken

Allgemein
  • Dieses Quiz wurde 504 mal gespielt
  • Das Durchschnittsergebnis liegt bei 6 aus 9
Antwortstatistiken
Saison Nationalität Tore Spieler % Korrekt
2014/15 Niederlande 5 Klaas-Jan Huntelaar
97%
2012/13 Niederlande 4 Klaas-Jan Huntelaar
97%
2010/11 Spanien 5 Raúl
97%
2018/19 Algerien 3 Nabil Bentaleb
74%
2013/14 Deutschland 3 Julian Draxler
70%
2007/08 Deutschland 3 Kevin Kurányi
53%
2005/06 Georgien 3 Levan Kobiashvili
42%
2005/06 Brasilien 3 Lincoln
37%
2001/02 Niederlande 2 Marco van Hoogdalem
9%
Keine übereinstimmenden Quizze gefunden
Verteilung der Resultate
Anzahl Personen mit jedem Resultat
Perzentil nach korrekt beantworteten Fragen
Ihre Resultats-Entwicklung
Sie haben dieses Quiz noch nicht gespielt